000 00916nam a2200253 i 4500
001 14297
003 ES-MaACL
005 20250828094148.0
007 t|
008 981204s1984 sp ||||1| spa d
020 _a84-88861-54-0
080 _a159.954.433:37.02
080 _a37.02:159.954.433
080 _a82.08:37.02
100 1 _aValenciano Arroyo, Javier.
_9112575
245 1 0 _aImagen y entrenamiento de la creatividad en la expresión escrita /
_cJavier Valenciano Arroyo.
260 _aMérida :
_bUniversidad Nacional de Educación a Distancia, Centro Regional de Extremadura,
_c[198?]
300 _a220 p. ;
_c24 cm.
650 1 4 _aCreatividad-
_xEnseñanza.
_911408
650 1 4 _aRedacción-
_xDidáctica.
_916707
710 2 _aUniversidad Nacional de Educación a Distancia (España).
_bCentro Regional de Extremadura
_97412
852 _aES-MaACL
_jL-21501
_bR.125101
999 _c14297
_d14297